000 01463cam a22003254a 4500
001 199267
003 ARRUPE
005 20220511083329.0
008 990406s1999 enk b 101 0 eng
010 _a 99028681
020 _a0198238371 (acidfree paper)
035 _a(DLC) 99028681
040 _aDLC
_cDLC
_dDLC
042 _apcc
050 0 0 _aB823
_b.T67 1999
082 0 0 _a141/.3
_221
245 0 0 _aTranscendental arguments :
_bproblems and prospects /
_cedited by Robert Stern.
260 _aOxford :
_bClarendon Press ;
_aNew York :
_bOxford University Press,
_c1999.
300 _ax, 327 p. ;
_c24 cm.
440 0 _aMind Association occasional series
_951524
504 _aIncludes bibliographical references (p. [293]-321) and index.
650 0 _aTranscendentalism
_vCongresses.
_951525
700 1 _aStern, Robert,
_d1962-
_951526
856 4 2 _3Publisher description
_uhttp://www.loc.gov/catdir/enhancements/fy0606/99028681-d.html
856 4 2 _3Contributor biographical information
_uhttp://www.loc.gov/catdir/enhancements/fy0722/99028681-b.html
906 _a7
_bcbc
_corignew
_d1
_eocip
_f19
_gy-gencatlg
942 _2lcc
_cMONOGRAPH
999 _c131399
_d131399